Najpopularniejsze numery Rap/Trap tygodnia. 21-27.05 YT - Statystyki

Ogólne statystyki
  • Ten quiz został rozwiązany 7 razy
  • Średni wynik to 15 z 30
Statystyki odpowiedzi
Wykonawca Wyświetlenia Utwór % Poprawnych
Ekipa ft. Jacuś 1.82M Zygzak
100%
Ekipa 2.02M 3KIPA
83%
OIO 2.55M Worki W Tłum
83%
OIO 2.36M Amerykańskie Teledyski
67%
Guzior 998K BLUEBERRY
67%
Ekipa 1.64M Chill
67%
Alberto 673K Dwutakt
67%
Guzior ft. Oskar83 843K FALA
67%
Sobel 952K Kinol
67%
Chivas ft. White 2115 910K Mam Na Twarzy Krew I Tym Razem Nie Jest Sztuczna
67%
Kizo ft. Wac Toja 1.16M Nasze Lato
67%
Sobel ft. Young Igi 850K Nie Teraz
67%
Mata 1.30M Patoreakcja
67%
Wiatr ft. Sobel, Be Vis 703K Testarossa
67%
Deemz ft. Reto, Żabson 815K Wasabi
67%
Sobel 662K Alien
50%
Sobel 3.73M Fiołkowe Pole
50%
Chivas ft. White 2115, Szpaku 564K Hellcat Redeye
50%
OIO 929K MVP
50%
OIO 957K Przypadkiem
50%
Avi & Louis Villain 633K AMG
33%
Lipa ft. Kabe 584K Bezprawie
33%
Hinol Polska Wersja 1.48M Dziś się czuję jak to zwierzę
17%
Aymi 567K Nieważne
17%
Kubańczyk ft. Małach 612K Osiedlowe Ławki
17%
Sobel ft. Skip 552K Presja (Remix)
17%
Basgrow & C0PIK ft. Ruskij 634K Romantyk
17%
Małach 685K Zahartowany
17%
Avi & Louis Villain ft. Sarius 828K Apollo
0%
Favst & Gibbs ft. Szpaku, Kiełas 1.05M Suma wszystkich strachów
0%
Nie znaleziono quizów pasujących do podanych kryteriów
Rozkład punktacji
Procent ludzi z każdym wynikiem
Percentyl według liczby udzielonych odpowiedzi
Twoja historia wyników
Nie rozwiązałeś tego quizu